User participation research in health and social care (Record no. 153339)
[ view plain ]
| 000 -LEADER | |
|---|---|
| fixed length control field | 01107nam a2200301Ia 4500 |
| 100 1# - MAIN ENTRY--AUTHOR NAME | |
| Personal name | Nolan, Mike. |
| 245 10 - TITLE STATEMENT | |
| Title | User participation research in health and social care |
| 260 ## - PUBLICATION, DISTRIBUTION, ETC. (IMPRINT) | |
| Place of publication | Maidenhead : |
| Name of publisher | McGraw-Hill International (UK) Ltd, |
| Year of publication | 2007. |
| 300 ## - PHYSICAL DESCRIPTION | |
| Number of Pages | 254 p. |
| 650 #0 - SUBJECT ADDED ENTRY--TOPICAL TERM | |
| Topical Term | Medical care. |
| Topical Term | Public health. |
| 700 1# - ADDED ENTRY--PERSONAL NAME | |
| Personal name | Grant, Gordon. |
| Personal name | Hanson, Elizabeth. |
| Personal name | Keady, John. |
| 856 40 - ELECTRONIC LOCATION AND ACCESS | |
| Uniform Resource Identifier | http://site.ebrary.com/lib/rucke/Doc?id=10229837 |
No items available.
